00462pab a2200169 454500008004000000100002300040245008700063260000900150300001500159362001200174650001000186650002300196650001700219650001800236650001100254773002700265180718b2015 xxu||||| |||| 00| 0 eng d aMallick, Jagannath aGlobalization, structural change and productivity growth in the emerging countries c2015 ap.181-217. aJul-Dec aTrade aForeign investment aProductivity aGlobalization aLabour aIndian Economic Review